My fav cricket players of India! - Statistics

General Stats
  • This quiz has been taken 32 times
  • The average score is 5 of 9
Answer Stats
Years Playing Cricketer % Correct
1989-2013 Sachin Tendulkar
100%
2008- Virat Kohli
100%
1978-1994 Kapil Dev
64%
1996-2012 Rahul Dravid
56%
2007- Rohit Sharma
56%
2000-2017 Yuvraj Singh
40%
2004-2019 Mahendra Singh Dhoni
28%
2009- Ravindra Jadeja
20%
1992-2008 Sourav Ganguly
20%
No matching quizzes found
Score Distribution
Percent of People with Each Score
Percentile by Number Answered
Your Score History
You have not taken this quiz